| 000 | 00935cam a2200217 4500 | ||
|---|---|---|---|
| 999 |
_c149154 _d149152 |
||
| 005 | 20190618113753.0 | ||
| 008 | 190618t 2003sp ||||| |||| 00| 0 spa | ||
| 020 | _a8497720121 | ||
| 050 | 0 | 4 |
_aJC571 _bC83 2002 |
| 100 | _aLlano Alonso, Fernando H. | ||
| 245 | 1 |
_aEl humanismo cosmopolita de Immanuel Kant / _cFernando H. Llano Alonso, |
|
| 250 | _a1a ed. | ||
| 260 |
_aMadrid, España: _bDykinson, _c2002 |
||
| 300 |
_a221 p. ; _c21 cm. |
||
| 440 |
_a(Cuadernos "Bartolomé de las Casas" ; _vNo. 25) |
||
| 500 | _a1 ejemplar | ||
| 505 | _a461942-1001 | ||
| 600 | 1 | 4 |
_aCasas, Bartolomé de las, _d[1474-1566] |
| 650 | 4 | _aDerechos humanos | |
| 942 |
_2lcc _cLIB |
||